000 00677nam a2200253Ia 4500
003 OSt
005 20220924125503.0
006 a|||||r|||| 00| 0
007 ta
008 220923b |||||||| |||| 00| 0 tel d
020 _cRs.1.
024 _a344540
037 _cTextual
040 _aARTS
_cARTS
_btel
041 _2tel
_atel
082 _aO15,1A1, 35w6K3.1
100 _aMudupu Sesha Rao Au.
_9198325
245 0 _aSri Rama Charitra
260 _aSecunderabad
_bIndia
_c1963
300 _a156p.
_ccm.
650 _aSANSKRIT LITERATURE
942 _hO15,1A1, 35w6K3.1
_cTEXL
_2CC
999 _c422711
_d422711